000 00263nam a2200097Ia 4500
001 727559
005 20250826163451.0
008 250824s9999 xx 000 0 und d
245 0 _aBÜYÜKADA NIN KÜÇÜK DEDEKTİFLERİ
_cAYŞEGÜL ÇETİNER
260 _bBU YAYINEVİ
999 _c727559
_d727559